| 000 | 00723cam a22002413i 4500 | ||
|---|---|---|---|
| 003 | OCoLC | ||
| 005 | 20140929085259.0 | ||
| 008 | 130719s2014 xx 000 0 eng d | ||
| 020 | _a144625528X | ||
| 020 | _a9781446255285 | ||
| 020 | _a1446255298 | ||
| 020 | _a9781446255292 | ||
| 035 |
_a(OCoLC)853310317 _z(OCoLC)853310318 |
||
| 040 |
_aYDXCP _beng _cYDXCP _dUKMGB _dBDX _dCDX _dOCLCQ _dNKM _dCUL |
||
| 050 | 4 |
_aLB 1139.23 _b.F771 2014 |
|
| 245 | 0 | 0 |
_aFoundations of early childhood : _bprinciples and practice / |
| 260 |
_aLos Angeles : _bSage, _c2014. |
||
| 300 |
_a414 pages ; _c26 cm. |
||
| 650 | 0 | _aEarly childhood education. | |
| 700 | 1 | _aMukherji, Penny. | |
| 700 | 1 | _aDryden, Louise. | |
| 942 |
_2lcc _cBK _kFOR |
||
| 999 |
_c275915 _d275915 |
||